00254nam a22000857a 4500008004100000082002000041245008900061260000900150300000900159230629b xxu||||| |||| 00| 0 eng d a338.9bAID 1989 aDevelopment and the National Interest: U.S Economic Assistance into the 21st Century c1989 a158p